Synthesis of submicron titanium carbide in a direct current arc discharge plasma by a vacuumless method; IOP Conference Series: Materials Science and Engineering; Vol. 971 : International Conference on Modern Trends in Manufacturing Technologies and Equipment (ICMTMTE)
| Parent link: | IOP Conference Series: Materials Science and Engineering Vol. 971 : International Conference on Modern Trends in Manufacturing Technologies and Equipment (ICMTMTE).— 2020.— [032046, 5 p.] |
|---|---|
| Autore principale: | |
| Ente Autore: | |
| Altri autori: | |
| Riassunto: | Title screen This paper studies the possibility of obtaining ultrafine cubic titanium carbide in the direct current arc discharge initiated between graphite electrodes in ambient air. According to X-ray diffraction data, there are 3 crystalline phases in the synthesized powder: graphite, initial titanium and cubic tungsten carbide. Based on transmission electron microscopy data, particles with sizes of 100-300 nm containing titanium and carbon are identified in the synthesis product. These objects are characterized by a structure corresponding to the cubic phase of titanium carbide. The applied vacuumless electrotechnical method is known for its ease of implementation, high productivity, and high energy efficiency in comparison with electrical analogues. |
| Lingua: | inglese |
| Pubblicazione: |
2020
|
| Soggetti: | |
| Accesso online: | https://doi.org/10.1088/1757-899X/971/3/032046 |
| Natura: | MixedMaterials Elettronico Capitolo di libro |
| KOHA link: | https://koha.lib.tpu.ru/cgi-bin/koha/opac-detail.pl?biblionumber=663223 |
MARC
| LEADER | 00000naa0a2200000 4500 | ||
|---|---|---|---|
| 001 | 663223 | ||
| 005 | 20250813100616.0 | ||
| 035 | |a (RuTPU)RU\TPU\network\34392 | ||
| 035 | |a RU\TPU\network\33951 | ||
| 090 | |a 663223 | ||
| 100 | |a 20210201d2020 k y0engy50 ba | ||
| 101 | 0 | |a eng | |
| 102 | |a GB | ||
| 135 | |a vrcn ---uucaa | ||
| 181 | 0 | |a i | |
| 182 | 0 | |a b | |
| 200 | 1 | |a Synthesis of submicron titanium carbide in a direct current arc discharge plasma by a vacuumless method |f A. Ya. Pak, А. A. Gumovskaya | |
| 203 | |a Text |c electronic | ||
| 300 | |a Title screen | ||
| 320 | |a [References: 19 tit.] | ||
| 330 | |a This paper studies the possibility of obtaining ultrafine cubic titanium carbide in the direct current arc discharge initiated between graphite electrodes in ambient air. According to X-ray diffraction data, there are 3 crystalline phases in the synthesized powder: graphite, initial titanium and cubic tungsten carbide. Based on transmission electron microscopy data, particles with sizes of 100-300 nm containing titanium and carbon are identified in the synthesis product. These objects are characterized by a structure corresponding to the cubic phase of titanium carbide. The applied vacuumless electrotechnical method is known for its ease of implementation, high productivity, and high energy efficiency in comparison with electrical analogues. | ||
| 461 | 1 | |0 (RuTPU)RU\TPU\network\2008 |t IOP Conference Series: Materials Science and Engineering | |
| 463 | |t Vol. 971 : International Conference on Modern Trends in Manufacturing Technologies and Equipment (ICMTMTE) |o International Conference, 7-11 September 2020, Sevastopol, Crimea |o [proceedings] |v [032046, 5 p.] |d 2020 | ||
| 610 | 1 | |a электронный ресурс | |
| 610 | 1 | |a труды учёных ТПУ | |
| 700 | 1 | |a Pak |b A. Ya. |c specialist in the field of electrical engineering |c Professor of Tomsk Polytechnic University, Doctor of Technical Sciences |f 1986- |g Aleksandr Yakovlevich |3 (RuTPU)RU\TPU\pers\34120 |9 17660 | |
| 701 | 1 | |a Gumovskaya |b A. A. |c Specialist in the field of electric power engineering |c Engineer of Tomsk Polytechnic University |f 1999- |g Arina Andreevna |3 (RuTPU)RU\TPU\pers\47086 | |
| 712 | 0 | 2 | |a Национальный исследовательский Томский политехнический университет |b Инженерная школа энергетики |b Научно-исследовательский центр "Экоэнергетика 4.0" |3 (RuTPU)RU\TPU\col\27583 |
| 801 | 1 | |a RU |b 63413507 |c 20150101 |g RCR | |
| 801 | 2 | |a RU |b 63413507 |c 20220202 |g RCR | |
| 856 | 4 | |u https://doi.org/10.1088/1757-899X/971/3/032046 | |
| 942 | |c CF | ||